000 00334nam a2200109Ia 4500
008 171211s9999 xx 000 0 und d
245 _aModern Selvage Quilting: Easy-Sew Methods • 17 Projects Small to Large
245 _cRiel Nason
260 _c2016
650 _xHobbies
856 _uhttp://down.ebook777.com/064/9781617450839.pdf
999 _c350320
_d350320